| 000 | 00571nam a22001931a 4500 | ||
|---|---|---|---|
| 003 | NEGST | ||
| 005 | 20110718123806.0 | ||
| 008 | 030714s1992 001 0 eng d | ||
| 020 | _a9966402306 | ||
| 245 | 0 | 4 |
_aThe New Testament in Kambaata / _cThe Bible Society of Ethiopia. |
| 260 |
_aAddis Ababa : _bB.S.E., _c1992. |
||
| 300 | _a542 p. : maps. | ||
| 500 | _aBible. N.T. - Kambaata. | ||
| 590 | _aAccession number: 25812 | ||
| 600 | 1 | 0 | _aKambaata language - Bible. |
| 600 | 1 | 0 | _aBible. N.T. Kambaata. 1992. |
| 600 | 1 | 0 | _aKambaata language - Texts. |
| 999 |
_c18074 _d18074 |
||